Μηχανολογικό σχέδιο : θεωρία και ασκήσεις για σπουδαστές και τεχνικούς στην πράξη : τεστ πιστοποίησης
Αποθηκεύτηκε σε:
| Κύριος συγγραφέας: | |
|---|---|
| Άλλοι συγγραφείς: | |
| Μορφή: | Βιβλίο |
| Γλώσσα: | Greek |
| Δημοσίευση: |
[Αθήνα] :
Ίων,
c2000.
|
| Έκδοση: | 6η έκδ. |
| Θέματα: | |
| Ετικέτες: |
Προσθήκη ετικέτας
Δεν υπάρχουν, Καταχωρήστε ετικέτα πρώτοι!
|
MARC
| LEADER | 00000cam a2200000 i 4500 | ||
|---|---|---|---|
| 001 | 1/45859 | ||
| 008 | 031202s2000 gr | ||| |||| ||gre|| | ||
| 020 | |a 9604059823 | ||
| 035 | |l 10071795 | ||
| 040 | |a GR-MyUa |b gre |e AACR2 | ||
| 041 | 0 | |a gre | |
| 082 | 7 | |a 604.2 |2 (21) | |
| 100 | 1 | |a Παρίκος, Γιώργος Ι. | |
| 245 | 1 | 0 | |a Μηχανολογικό σχέδιο : |b θεωρία και ασκήσεις για σπουδαστές και τεχνικούς στην πράξη : τεστ πιστοποίησης / |c Γ. Ι. Παρίκου, Ν. Ι. Παρίκου. |
| 250 | |a 6η έκδ. | ||
| 260 | |a [Αθήνα] : |b Ίων, |c c2000. | ||
| 300 | |a 208 σ. : |b εικ. ; |c 29 εκ. | ||
| 504 | |a Βιβλιογραφία: σ. 3. | ||
| 650 | 0 | |a Mechanical drawing. | |
| 650 | 0 | |a Mechanical drawing |x Problems, exercises etc. | |
| 700 | 1 | |a Παρίκος, Νίκος Ι. | |
| 852 | |a INST |b LESVOS |e 20060307 |h 604.2 ΠΑΡ |p 005100034688 |q 005100034688 |t BK |y 0 | ||
| 852 | |a INST |b LESVOS |e 20060307 |h 604.2 ΠΑΡ |p 005100034689 |q 005100034689 |t BK |y 0 | ||
| 852 | |a INST |b SYROS |e 20031202 |h 604.2 ΠΑΡ |p 005500003157 |q 005500003157 |t BK |y 0 | ||
| 852 | |a INST |b SYROS |e 20031202 |h 604.2 ΠΑΡ |p 005500003158 |q 005500003158 |t BK |y 0 | ||
| 852 | |a INST |b SYROS |e 20031202 |h 604.2 ΠΑΡ |p 005500003159 |q 005500003159 |t BK |y 0 | ||
| 852 | |a INST |b SYROS |e 20031202 |h 604.2 ΠΑΡ |p 005500003160 |q 005500003160 |t BK |y 0 | ||
| 852 | |a INST |b SYROS |e 20031202 |h 604.2 ΠΑΡ |p 005500003161 |q 005500003161 |t BK |y 0 | ||
| 901 | |a BIBL5-2003-3 | ||
| 901 | |a BIBL1-2006-1 | ||
| 970 | |a Μανωλαράκη |b Μαρία |z 02/12/2003 | ||